<?xml version="1.0" encoding="UTF-8"?>
<record
    xmlns:xsi="http://www.w3.org/2001/XMLSchema-instance"
    xsi:schemaLocation="http://www.loc.gov/MARC21/slim http://www.loc.gov/standards/marcxml/schema/MARC21slim.xsd"
    xmlns="http://www.loc.gov/MARC21/slim">

  <leader>01005nam a2200277 i 4500</leader>
  <controlfield tag="003">EG-GICUC</controlfield>
  <controlfield tag="005">20260121101339.0</controlfield>
  <controlfield tag="008">251124s1981    -usda||fr|||| 000 0 ara d</controlfield>
  <datafield tag="040" ind1=" " ind2=" ">
    <subfield code="a"> EG-GICUC</subfield>
    <subfield code="b">ara</subfield>
    <subfield code="c"> EG-GICUC</subfield>
    <subfield code="d"> EG-GICUC</subfield>
    <subfield code="e">rda</subfield>
  </datafield>
  <datafield tag="041" ind1="0" ind2=" ">
    <subfield code="a">ara</subfield>
  </datafield>
  <datafield tag="082" ind1="0" ind2="4">
    <subfield code="2">21</subfield>
    <subfield code="a">341.71</subfield>
    <subfield code="b">&#x62F; &#x631;</subfield>
  </datafield>
  <datafield tag="092" ind1="0" ind2="4">
    <subfield code="2">21</subfield>
  </datafield>
  <datafield tag="099" ind1=" " ind2=" ">
    <subfield code="a">Law1 11 341.71 &#x62F; &#x631; 1981</subfield>
  </datafield>
  <datafield tag="245" ind1="0" ind2="0">
    <subfield code="a">&#x62F;&#x631;&#x627;&#x633;&#x629; &#x634;&#x627;&#x645;&#x644;&#x629; &#x639;&#x646; &#x627;&#x644;&#x623;&#x633;&#x644;&#x62D;&#x629; &#x627;&#x644;&#x646;&#x648;&#x648;&#x64A;&#x629; /</subfield>
    <subfield code="c">&#x625;&#x639;&#x62F;&#x627;&#x62F; &#x645;&#x631;&#x643;&#x632; &#x627;&#x644;&#x623;&#x645;&#x645; &#x627;&#x644;&#x645;&#x62A;&#x62D;&#x62F;&#x629; &#x644;&#x646;&#x632;&#x639; &#x627;&#x644;&#x633;&#x644;&#x627;&#x62D;.</subfield>
  </datafield>
  <datafield tag="264" ind1=" " ind2="1">
    <subfield code="a">&#x646;&#x64A;&#x648; &#x64A;&#x648;&#x631;&#x643; :</subfield>
    <subfield code="b">&#x645;&#x631;&#x643;&#x632; &#x627;&#x644;&#x623;&#x645;&#x645; &#x627;&#x644;&#x645;&#x62A;&#x62D;&#x62F;&#x629;&#x60C;</subfield>
    <subfield code="c">1981.</subfield>
  </datafield>
  <datafield tag="300" ind1=" " ind2=" ">
    <subfield code="a">193 &#x635;&#x641;&#x62D;&#x629; :</subfield>
    <subfield code="b">&#x62C;&#x62F;&#x627;&#x648;&#x644;&#x60C; &#x631;&#x633;&#x648;&#x645; &#x628;&#x64A;&#x627;&#x646;&#x64A;&#x629; &#x61B; </subfield>
    <subfield code="c">30 &#x633;&#x645;</subfield>
  </datafield>
  <datafield tag="336" ind1=" " ind2=" ">
    <subfield code="2">rda content</subfield>
    <subfield code="a">text</subfield>
  </datafield>
  <datafield tag="337" ind1=" " ind2=" ">
    <subfield code="2">rda media</subfield>
    <subfield code="a">Computer</subfield>
  </datafield>
  <datafield tag="338" ind1=" " ind2=" ">
    <subfield code="2">rda carrier</subfield>
    <subfield code="a">Online Resource</subfield>
  </datafield>
  <datafield tag="546" ind1=" " ind2=" ">
    <subfield code="a">&#x627;&#x644;&#x646;&#x635; &#x628;&#x627;&#x644;&#x644;&#x63A;&#x629; &#x627;&#x644;&#x639;&#x631;&#x628;&#x64A;&#x629;</subfield>
  </datafield>
  <datafield tag="650" ind1="1" ind2="4">
    <subfield code="a">&#x627;&#x644;&#x633;&#x64A;&#x627;&#x633;&#x629; &#x627;&#x644;&#x62F;&#x648;&#x644;&#x64A;&#x629;</subfield>
    <subfield code="2">qrmak</subfield>
  </datafield>
  <datafield tag="651" ind1="1" ind2=" ">
    <subfield code="2">qrmak</subfield>
  </datafield>
  <datafield tag="856" ind1="4" ind2="0">
    <subfield code="u">https://fll.law.cu.edu.eg/fulltext/bks/B11-05938.pdf</subfield>
  </datafield>
  <datafield tag="905" ind1=" " ind2=" ">
    <subfield code="a">5</subfield>
    <subfield code="e">Hassnaa</subfield>
  </datafield>
  <datafield tag="942" ind1=" " ind2=" ">
    <subfield code="2">ddc</subfield>
    <subfield code="n">0</subfield>
    <subfield code="c">BK</subfield>
    <subfield code="e">21</subfield>
  </datafield>
  <datafield tag="999" ind1=" " ind2=" ">
    <subfield code="c">45734</subfield>
    <subfield code="d">45734</subfield>
  </datafield>
  <datafield tag="952" ind1=" " ind2=" ">
    <subfield code="0">0</subfield>
    <subfield code="1">0</subfield>
    <subfield code="2">ddc</subfield>
    <subfield code="4">0</subfield>
    <subfield code="7">0</subfield>
    <subfield code="8">&#x627;&#x644;&#x642;&#x627;&#x646;&#x648;&#x646; &#x627;&#x644;&#x62F;&#x648;&#x644;&#x64A; &#x627;&#x644;&#x639;&#x627;&#x645;</subfield>
    <subfield code="a">CU</subfield>
    <subfield code="b">LAW1</subfield>
    <subfield code="d">2025-11-24</subfield>
    <subfield code="l">0</subfield>
    <subfield code="o">Law1 11 341.71 &#x62F; &#x631; 1981 1105938 C1</subfield>
    <subfield code="p">B11-05938</subfield>
    <subfield code="r">2025-11-24 12:37:41</subfield>
    <subfield code="t">1</subfield>
    <subfield code="w">2025-11-24</subfield>
    <subfield code="y">BK</subfield>
  </datafield>
</record>
